000 00723cam a22002413a 4500
001 1379
003 PGUSA
005 20140828083000.0
008 980701s1998||||xxu|||||s|||||000 | eng d
040 _aPGUSA
_beng
042 _adc
050 4 _aE151
100 1 _aWister, Owen,
_d1860-1938
245 1 2 _aA Straight Deal; Or, The Ancient Grudge
_h[electronic resource] /
_cOwen Wister
260 _bProject Gutenberg,
_c1998
506 _aPublic domain in the USA.
516 _aElectronic text
653 _aUnited States -- Relations -- Great Britain
653 _aGreat Britain -- Relations -- United States
830 0 _aProject Gutenberg
_v1379
856 4 0 _uhttp://www.gutenberg.org/ebooks/1379
942 _cEB
999 _c230727
_d230727